000 00432nam a2200169Ia 4500
005 20251024141216.0
008 231207s9999 xx 000 0 und d
040 _cPK-LaNCA
082 _a891.421
_bMUN
100 _aMunir Ahmad
245 0 _aNasar qadeem nasar jadeed
_cMunir Ahmad
260 _bMajeed Book Depot
_aLahore
_c1997
300 _a146p
546 _aPunjabi
650 _aPunjabi literature. Music.
942 _cMUSIC
999 _c30811
_d30811